000
003700000a22001450004500
003
MACL
005
20160205165742.0
008
160205b xxu||||| |||| 00| 0 eng d
040
_a
MACL
_c
MACL
041
_a
Hindi
082
_a
100
245
_a
अध्यात्म-रहस्य खण्ड
650
_a
Philosophy
_9
36995
942
_c
HIN
_k
100
_2
ddc
999
_c
27258
_d
27258